000 01490nam a22002537a 4500
003 Uzh_bibl
008 260513b |||||||| |||| 00| 0 ukr d
020 _a978-617-7192-43-4
_c75.00
040 _bукр.
041 _2spa
_aukr
080 _a821.113.3
090 _a821.113.3
_bА 56
100 _aАльєнде,Ісабель
245 _aОповідки Еви Луни
_cпереклад з іспанської Сергія Борщевського
_hТекст
260 _aЛьвів
_bВидавництво Анетти Антоненко
_c2016
300 _a256 с.
_fВ опр.
520 _a“Оповідки Еви Луни” — це двадцять три оповідки про кохання і зради, честі та безчестя, дружби й ворожнечі. Це історії різних людей, об'єднані багатою уявою, образною мовою та дотепністю відомої письменниці, якій, як і її героїні, новітній Шахразаді на ім'я Ева Луна, не загрожує немилість найвимогливішого читача.
521 _aДля широкого кола читачів
546 _aукр.
650 _aЛітературно-художнє видання
653 _aКохання
_aЗрада
_aДружба
655 _aХудожня література
_vОповідання
942 _2udc
_cBK
999 _c17744
_d17744